header

Sustainability of pension systems in the new EU member states and Croatia (Record no. 126624)

MARC details
000 -LEADER
fixed length control field 01495nam a2200373Ia 4500
082 04 - DEWEY DECIMAL CLASSIFICATION NUMBER
Classification number 331.25/2094
100 1# - MAIN ENTRY--AUTHOR NAME
Personal name Kasek, Leszek.
245 10 - TITLE STATEMENT
Title Sustainability of pension systems in the new EU member states and Croatia
260 ## - PUBLICATION, DISTRIBUTION, ETC. (IMPRINT)
Place of publication Washington, D.C. :
Name of publisher World Bank,
Year of publication c2008.
300 ## - PHYSICAL DESCRIPTION
Number of Pages v, 40 p.
490 1# - SERIES STATEMENT
Series statement World Bank working paper ;
650 #0 - SUBJECT ADDED ENTRY--TOPICAL TERM
Topical Term Pensions
Topical Term Pensions
700 1# - ADDED ENTRY--PERSONAL NAME
Personal name Laursen, Thomas.
Personal name Skrok, Emilia.
856 40 - ELECTRONIC LOCATION AND ACCESS
Uniform Resource Identifier http://site.ebrary.com/lib/rucke/Doc?id=10212659

No items available.

© 2026 Rongo University
Contact us: librarian | system librarian | Rongo university